التمويل العام : المدخل الإدخاري - المدخل الإسلامي - المدخل الدولي /

ان المشكلة الاقتصادية التى تواجه غالبية الدول النامية، فى رأى كثير من الاقتصاديين، هى مشكلة انخفاض حجم الاستثمارات بها، لهذا فان نجاح هذة الدول فى تحقيق التنمية يتوقف على مدى قدرتها فى زيادة معدلات الاستثمار وبالمستوى الملائم لمعدل نمو السكان فيها....

全面介绍

Saved in:
书目详细资料
主要作者: عبد العزيز، سمير محمد
格式: 图书
语言:阿拉伯语
出版: الأسكندرية : مكتبة الإشعاع للطباعة والنشر والتوزيع، 1998.
主题:
标签: 添加标签
没有标签, 成为第一个标记此记录!

MARC

LEADER 00000nam a22000007a 4500
003 INP
005 20180401153336.0
008 180129b1998 ua k|||fr 00| 0 ara d
952 |0 0  |1 0  |4 0  |6 336_014000000000000_س_ت  |7 0  |8 arabic_Boo  |9 2394  |a INP  |b INP  |c MAIN  |d 2018-03-20  |l 0  |o 336.014 س ت  |p 002282  |r 2022-03-28 00:00:00  |w 2018-03-20  |y BK  |0 0 
952 |0 0  |1 0  |4 0  |6 336_014000000000000_س_ت  |7 0  |8 arabic_Boo  |9 3133  |a INP  |b INP  |c MAIN  |d 2018-04-01  |l 0  |o 336.014 س ت  |p 003053  |r 2022-03-28 00:00:00  |w 2018-04-01  |y BK  |0 0 
999 |c 2858  |d 2858 
040 |a EG-INP  |b ara  |c EG-INP 
082 0 4 |2 21   |a 336.014  |b س ت 
100 1 |a عبد العزيز، سمير محمد. 
245 1 2 |a التمويل العام :  |b المدخل الإدخاري - المدخل الإسلامي - المدخل الدولي /   |c سمير محمد عبد العزيز. 
260 |a الأسكندرية :   |b مكتبة الإشعاع للطباعة والنشر والتوزيع،   |c 1998. 
300 |a 331 ص. :  |b أشكال ؛   |c 24سم. 
504 |a يشتمل على إرجاعات ببليوجرافية : ص 331.  
520 |a ان المشكلة الاقتصادية التى تواجه غالبية الدول النامية، فى رأى كثير من الاقتصاديين، هى مشكلة انخفاض حجم الاستثمارات بها، لهذا فان نجاح هذة الدول فى تحقيق التنمية يتوقف على مدى قدرتها فى زيادة معدلات الاستثمار وبالمستوى الملائم لمعدل نمو السكان فيها. 
650 7 |2 qrmak  |a التمويل. 
650 7 |2 qrmak  |a الاستثمار. 
650 7 |2 qrmak  |a السياسة المالية. 
901 |a EGPV10 
902 |a EGPV20 
903 |a original 
942 |2 ddc  |c BK